000 00837nam a2200253Ia 4500
003 OSt
005 20221005112935.0
006 a|||||r|||| 00| 0
007 ta
008 221004b |||||||| |||| 00| 0 pan d
020 _a8175991127 (hbk)
_c85
024 _a94566
037 _b72874, 31/12/2008, Arsee Publishers
_cTextual
040 _aCRL
_cCRL
_bpan
041 _2pan
_apan
082 _aO153,3N35w, P1
100 _aਟਿਵਾਣਾ, ਦਲੀਪ ਕੈਰ
245 0 _aਜੀਊਣ ਜੋਗੇ
260 _aਦਿੱਲੀ
_bਨਵਯੁਗ ਭਾਰਤ
_c2001
300 _a99ਪੰ
_ccm.
650 _aਪੰਜਾਬੀ ਸਾਹਿਤ
942 _hO153,3N35w, P1
_cTEXL
_2cc
999 _c1026504
_d1026504